000
00268nam a2200109Ia 4500
008
190216s9999||||xx |||||||||||||| ||und||
100
_a
Philip Selznick
245
0
_a
Leadership In Adminstration
260
_b
Harper & Row Publishers
_c
1957
300
_a
162p
942
_c
BK
999
_c
4747
_d
4747